Catálogo
 En Linea

Historia de hispanoamérica / (Registro nro. 35288)

Detalles MARC
000 -CABECERA
campo de control de longitud fija 00639nam a2200181 a 4500
001 - NÚMERO DE CONTROL
campo de control 000035797
005 - FECHA Y HORA DE LA ÚLTIMA TRANSACCIÓN
campo de control 20200930074623.0
008 - DATOS DE LONGITUD FIJA--INFORMACIÓN GENERAL
campo de control de longitud fija 111114s1972 es ab 000 0 spa d
040 ## - FUENTE DE LA CATALOGACIÓN
Centro catalogador/agencia de origen DO-SdBNP
Lengua de catalogación spa
Centro/agencia transcriptor BNPHU
049 ## - FONDOS LOCALES (OCLC)
Fondos de biblioteca BNPD
100 1# - ENTRADA PRINCIPAL--NOMBRE DE PERSONA
Nombre de persona Morales Padrón, Francisco
9 (RLIN) 15719
245 10 - MENCIÓN DE TÍTULO
Título Historia de hispanoamérica /
Mención de responsabilidad, etc. Francisco Morales Padrón.
260 ## - PUBLICACIÓN, DISTRIBUCIÓN, ETC.
Lugar de publicación, distribución, etc. Sevilla :
Nombre del editor, distribuidor, etc. Publicaciones de la Universidad de Sevilla,
Fecha de publicación, distribución, etc. 1972.
300 ## - DESCRIPCIÓN FÍSICA
Extensión 487 p. :
Otras características físicas il., map. ;
Dimensiones 24 cm.
490 1# - MENCIÓN DE SERIE
Mención de serie Manuales universitarios,
590 ## - NOTA LOCAL (RLIN)
Nota local Perteneció a la biblioteca personal de Juan Isidro Jimenes Grullón.
830 #0 - PUNTO DE ACCESO ADICIONAL DE SERIE-TÍTULO UNIFORME
Título uniforme Manuales universitaeios
9 (RLIN) 61746
Existencias
Estado de retiro Estado de pérdida Restricciones de uso No para préstamo Código de colección Localización permanente Ubicación/localización actual Ubicación en estantería Fecha de adquisición Número de inventario Total de préstamos Signatura topográfica completa Código de barras Fecha visto por última vez Precio válido a partir de Tipo de ítem Koha Nota pública
        Monografías: Libros y Folletos General General Orden iniciada 14.11.2011 LF1   35797-10 25.06.2020 25.06.2020 No se presta Perteneció a la biblioteca personal de Juan Isidro Jimenes Grullón.

Con tecnología Koha